The end of the Third World

Αποθηκεύτηκε σε:
Λεπτομέρειες βιβλιογραφικής εγγραφής
Κύριος συγγραφέας: Arnold, Guy
Μορφή: Βιβλίο
Γλώσσα:English
Δημοσίευση: London : Macmillan Press, c1993
Θέματα:
Ετικέτες: Προσθήκη ετικέτας
Δεν υπάρχουν, Καταχωρήστε ετικέτα πρώτοι!

MARC

LEADER 00000nam a2200000 i 4500
001 1/4822
008 000602s1993 eng d
020 |a 0-333-59379-0 
035 |l 10061360 
040 |a GR-MY-UA  |b gre  |e aacr 
041 0 |a eng 
082 0 |a 330.91724 
100 1 |a Arnold, Guy. 
245 1 4 |a The end of the Third World /  |c Guy Arnold 
260 |a London :   |b Macmillan Press,   |c c1993 
300 |a 232 p. 
504 |a Includes bibliographical references and index 
651 0 |a Developing countries  |x Economic conditions. 
852 |a INST  |b LESVOS  |e 20000602  |h 330.91724 ARN  |p 005100024156  |q 005100024156  |t BK  |y 0 
901 |a BIBL1-2000-2 
909 |a Λ  |b 080063 
922 |a 1ΕΛΗ  |b 200005  |c ΚΠΣ/ΤΓ  |d LEADER 
950 |a 118-1999-09-20 
970 |a ΜΟΥΣΤΑΚΑ  |b ΠΗΝΕΛΟΠΗ  |z 2000/06/03